[Event "4NCL 2011-12"]
[Site "Sunningdale ENG"]
[Date "2012.02.12"]
[Round "6.66"]
[White "Houska, Jovanka"]
[Black "Ferguson, Mark"]
[Result "1-0"]
[WhiteTitle "IM"]
[BlackTitle "IM"]
[WhiteElo "2415"]
[BlackElo "2374"]
[WhiteTeam "Wood Green Hilsmark"]
[BlackTeam "Barbican 4NCL 1"]
[WhiteFideId "405094"]
[BlackFideId "403547"]
[EventDate "2011.11.12"]

1. d4 d5 2. Nf3 Nf6 3. c4 c6 4. e3 Bf5 5. Nc3 e6 6. Nh4 Bg6 7. Bd2 Nbd7 8. Be2
dxc4 9. Nxg6 hxg6 10. Bxc4 a6 11. Qc2 c5 12. dxc5 Bxc5 13. Be2 O-O 14. h4 b5 15.
a3 b4 16. axb4 Bxb4 17. h5 gxh5 18. Bxh5 Nc5 19. Be2 Rc8 20. Rh4 a5 21. O-O-O g5
22. Rc4 Qe7 23. Rh1 Ncd7 24. Rg4 Ne5 25. Rxg5+ Ng6 26. Kb1 Nd5 27. Rxg6+ fxg6
28. Qxg6+ Qg7 29. Qxe6+ Qf7 30. Qxd5 Qxd5 31. Nxd5 Bxd2 32. Ne7+ Kg7 33. Nxc8
Rxc8 34. Rd1 Bb4 35. e4 Rf8 36. f3 Rb8 37. Bc4 Bc3 38. b3 Bf6 39. Rd7+ Kg6 40.
f4 Rd8 41. Rxd8 Bxd8 42. Kc2 Kh5 43. Be2+ Kh4 44. f5 Kg3 45. Kd3 Kxg2 46. e5 Kg3
47. Ke4 Kh4 48. Kd5 Kg5 49. Ke6 Bb6 50. f6 Bd4 51. Bd3 Kh6 52. f7 Kg7 53. Ke7
Bc5+ 54. Ke8 1-0

[Event "4NCL 2011-12"]
[Site "Sunningdale ENG"]
[Date "2012.02.12"]
[Round "6.67"]
[White "Morrison, Graham SCO"]
[Black "Bjerke, Silje"]
[Result "1/2-1/2"]
[WhiteTitle "FM"]
[BlackTitle "WIM"]
[WhiteElo "2339"]
[BlackElo "2219"]
[WhiteTeam "Barbican 4NCL"]
[BlackTeam "Wood Green Hilsmark"]
[WhiteFideId "2400090"]
[BlackFideId "1502786"]
[EventDate "2011.11.12"]

1. d4 d5 2. c4 e5 3. dxe5 d4 4. Nf3 Nc6 5. a3 Be6 6. e3 dxe3 7. Qxd8+ Rxd8 8.
Bxe3 Nge7 9. Nbd2 Nf5 10. Bg5 Be7 11. Bxe7 Kxe7 12. O-O-O Rd7 13. Be2 Nfd4 14.
Nxd4 Nxd4 15. Bd3 Rhd8 16. Rhe1 a5 17. Be4 a4 18. h3 h5 19. f4 c6 20. Rf1 Ne2+
21. Kc2 Nd4+ 22. Kc1 Ne2+ 23. Kc2 1/2-1/2

[Event "4NCL 2011-12"]
[Site "Sunningdale ENG"]
[Date "2012.02.12"]
[Round "6.68"]
[White "Hegarty, Sarah N"]
[Black "Lauterbach, Ingrid"]
[Result "1-0"]
[WhiteTitle "WFM"]
[BlackTitle "WIM"]
[WhiteElo "2060"]
[BlackElo "2075"]
[WhiteTeam "Wood Green Hilsmark"]
[BlackTeam "Barbican 4NCL 1"]
[WhiteFideId "2501465"]
[BlackFideId "405221"]
[EventDate "2011.11.12"]

1. e4 e5 2. Nf3 Nc6 3. Bc4 Nf6 4. d3 Be7 5. O-O O-O 6. Re1 d6 7. c3 Na5 8. Bb5
c6 9. Ba4 b5 10. Bc2 c5 11. Nbd2 Nc6 12. Nf1 Re8 13. Ng3 Bf8 14. h3 g6 15. d4
cxd4 16. cxd4 Bb7 17. d5 Ne7 18. a4 a6 19. Qe2 bxa4 20. Bxa4 Nd7 21. Bd2 Nc8 22.
Ba5 Qxa5 23. Bxd7 Qd8 24. Bxe8 Qxe8 25. Rec1 Bh6 26. Rc7 Rb8 27. Ra3 Na7 28. Rc2
Nb5 29. Ra1 Qd7 30. Qd3 Rf8 31. Ne2 f5 32. Nc3 Nc7 33. exf5 gxf5 34. Qc4 Qf7 35.
Qb4 Ne8 36. Rd1 Qe7 37. Re1 Qf7 38. Rd1 Qe7 39. Nxe5 a5 40. Qb6 dxe5 41. Qxh6
Rf6 42. Qh4 e4 43. Qf4 Nd6 44. Ne2 Qf7 45. Rc5 Ba6 46. Nd4 Nc4 47. Rc1 Nxb2 48.
Qb8+ 1-0

[Event "4NCL 2011-12"]
[Site "Sunningdale ENG"]
[Date "2012.02.12"]
[Round "6.71"]
[White "Mah, Karl C C"]
[Black "Savage, Ben D M"]
[Result "1/2-1/2"]
[WhiteTitle "IM"]
[BlackTitle "FM"]
[WhiteElo "2419"]
[BlackElo "2262"]
[WhiteTeam "Cambridge University"]
[BlackTeam "Oxford"]
[WhiteFideId "404381"]
[BlackFideId "405914"]
[EventDate "2011.11.12"]

1. Nf3 d5 2. d4 Nf6 3. c4 dxc4 4. e3 Be6 5. Nc3 h6 6. Ne5 c5 7. Qa4+ Nbd7 8.
dxc5 Qc7 9. Nxc4 Qxc5 10. e4 Bxc4 11. Bxc4 e6 12. a3 Rc8 13. Be2 a6 14. O-O Qc6
15. Qxc6 1/2-1/2

[Event "4NCL 2011-12"]
[Site "Sunningdale ENG"]
[Date "2012.02.12"]
[Round "6.72"]
[White "Rose, Matthew"]
[Black "Pinter, Gabor"]
[Result "1-0"]
[BlackTitle "IM"]
[WhiteElo "2282"]
[BlackElo "2360"]
[WhiteTeam "Oxford"]
[BlackTeam "Cambridge University"]
[WhiteFideId "407941"]
[BlackFideId "717371"]
[EventDate "2011.11.12"]

1. e4 c5 2. Nf3 e6 3. c3 Nf6 4. e5 Nd5 5. d4 cxd4 6. cxd4 d6 7. Bc4 Nc6 8. O-O
Be7 9. a3 O-O 10. Re1 Qb6 11. Nc3 Nxc3 12. bxc3 Bd7 13. Bd3 f6 14. exf6 Bxf6 15.
Rb1 Qc7 16. Ng5 Bxg5 17. Bxg5 Rf7 18. Re3 h6 19. Qh5 Be8 20. Qg6 hxg5 21. Rh3
Kf8 22. Qxe6 g6 23. Bxg6 Nd8 24. Rh8+ Kg7 25. Qxe8 Kxg6 26. Qg8+ Rg7 27. Qe8+
Rf7 28. Qe4+ Kg7 29. Qh7+ Kf6 30. Qh6+ Ke7 31. Qxg5+ Kd7 32. Qg4+ Kc6 33. d5+
Kxd5 34. Rh5+ Kc6 35. Qa4+ 1-0

[Event "4NCL 2011-12"]
[Site "Sunningdale ENG"]
[Date "2012.02.12"]
[Round "6.73"]
[White "Moskovic, David M"]
[Black "Eckersley-Waites, Tom"]
[Result "1/2-1/2"]
[WhiteTitle "FM"]
[WhiteElo "2324"]
[BlackElo "2276"]
[WhiteTeam "Cambridge University"]
[BlackTeam "Oxford"]
[WhiteFideId "404535"]
[BlackFideId "412449"]
[EventDate "2011.11.12"]

1. d4 d5 2. c4 e6 3. Nc3 Bb4 4. Qa4+ Nc6 5. a3 Bxc3+ 6. bxc3 Nf6 7. Bg5 h6 8.
Bh4 g5 9. Bg3 Ne4 10. f3 Nxg3 11. hxg3 Qd6 12. Kf2 e5 13. cxd5 Qxd5 14. e4 Qd6
15. Bb5 Bd7 16. Bxc6 Bxc6 17. Qb4 O-O-O 18. d5 Bd7 19. Qxd6 cxd6 20. g4 Bb5 21.
Rb1 Ba6 22. Ne2 Bd3 23. Rb2 Bxe2 24. Kxe2 Rd7 25. Kd3 Rc7 26. g3 Kd7 27. c4 b6
28. a4 Ke7 29. Rbh2 Rhc8 30. Rc2 Rh8 31. Rch2 Rhc8 32. Rc2 Rh8 33. Rh5 Rc5 34.
f4 exf4 35. gxf4 gxf4 36. g5 Rcc8 37. gxh6 Rcg8 38. Rf2 Rg4 39. Kd4 Kf6 40. Rf5+
Ke7 41. a5 Rxh6 42. axb6 axb6 43. Ra2 f6 44. Ra7+ Ke8 45. Rb7 f3 46. Rxf3 Rhh4
47. Re3 f5 48. Rxb6 Rxe4+ 49. Rxe4+ Rxe4+ 50. Kd3 Ke7 51. Rb7+ Ke8 52. Rh7 Re1
53. Rh4 Ke7 54. Kd2 Rg1 55. Ke3 Rg4 56. Rh7+ Ke8 57. Kd3 Rg3+ 58. Kd4 Rg1 59.
Rh6 Ke7 60. Re6+ Kd7 61. Rf6 Rf1 62. Rf7+ 1/2-1/2

[Event "4NCL 2011-12"]
[Site "Sunningdale ENG"]
[Date "2012.02.12"]
[Round "6.74"]
[White "White, Michael J R"]
[Black "Bisby, Daniel L"]
[Result "0-1"]
[WhiteTitle "FM"]
[BlackTitle "FM"]
[WhiteElo "2214"]
[BlackElo "2264"]
[WhiteTeam "Oxford"]
[BlackTeam "Cambridge University"]
[WhiteFideId "407380"]
[BlackFideId "404586"]
[EventDate "2011.11.12"]

1. e4 c5 2. Nf3 d6 3. d4 cxd4 4. Nxd4 Nf6 5. Nc3 e6 6. g4 h6 7. h4 Nc6 8. Rg1 d5
9. Bb5 Bd7 10. exd5 Nxd5 11. Nxd5 exd5 12. Be3 Qa5+ 13. c3 Be7 14. Qe2 Nxd4 15.
Bxd7+ Kxd7 16. Bxd4 Rhe8 17. O-O-O Bg5+ 18. Be3 Bxe3+ 19. fxe3 Rad8 20. Rgf1 Re7
21. Kb1 Kc8 22. Rf5 g6 23. b4 Qb6 24. Rfxd5 Rxd5 25. Rxd5 Qxe3 26. Qxe3 Rxe3 27.
Kc2 Rh3 28. h5 Rh4 29. hxg6 fxg6 30. g5 Rh5 31. Rc5+ Kd7 32. gxh6 Rxh6 33. Ra5
a6 34. Rg5 Ke6 35. a4 Kf6 36. Rc5 Rh7 37. Kd3 Re7 38. Rc8 g5 39. c4 g4 40. c5
Ke5 41. Kc4 Rg7 42. c6 bxc6 43. Kc5 g3 44. Re8+ Kf4 45. Kxc6 g2 46. Re1 g1=Q 47.
Rxg1 Rxg1 48. b5 Rg6+ 49. Kc5 a5 50. b6 Ke5 51. b7 Rg8 52. Kc6 Kd4 53. Kb6 Kd5
54. Kxa5 Kc6 55. Ka6 Rb8 56. a5 Kc7 57. Ka7 Rxb7+ 58. Ka8 Rb5 59. a6 Ra5 60. Ka7
Ra4 61. Ka8 Rxa6# 0-1

[Event "4NCL 2011-12"]
[Site "Sunningdale ENG"]
[Date "2012.02.12"]
[Round "6.76"]
[White "Foo, William J"]
[Black "Churm, Rohan M"]
[Result "0-1"]
[WhiteElo "1925"]
[BlackElo "2161"]
[WhiteTeam "Oxford"]
[BlackTeam "Cambridge University"]
[WhiteFideId "419753"]
[BlackFideId "405566"]
[EventDate "2011.11.12"]

1. e4 e6 2. d4 d5 3. Nc3 Nf6 4. e5 Nfd7 5. f4 c5 6. Nf3 Nc6 7. Be3 a6 8. Qd2 b5
9. a4 Qa5 10. Ne2 Qxd2+ 11. Kxd2 bxa4 12. Nc3 a3 13. b3 Bb7 14. Na4 cxd4 15.
Nxd4 Nxd4 16. Bxd4 Be7 17. Bd3 Bc6 18. Nc3 O-O 19. Nb1 f6 20. exf6 gxf6 21. Re1
e5 22. Bf5 Nc5 23. g4 Ne4+ 24. Bxe4 dxe4 25. Be3 exf4 26. Bxf4 f5 27. Rg1 Bc5
28. Rg3 Bf2 29. Rc3 Bd4 30. gxf5 Rxf5 31. Rg3+ Kf7 32. c3 Bf2 33. Be3 Bxg3 34.
hxg3 Rf1 35. Kc2 Rg8 36. Bf4 e3 0-1

[Event "4NCL 2011-12"]
[Site "Sunningdale ENG"]
[Date "2012.02.12"]
[Round "6.77"]
[White "Eckersley-Waites, Adam"]
[Black "Coleman, James"]
[Result "1-0"]
[WhiteElo "2231"]
[BlackElo "2142"]
[WhiteTeam "Cambridge University"]
[BlackTeam "Oxford"]
[WhiteFideId "411698"]
[BlackFideId "407216"]
[EventDate "2011.11.12"]

1. e4 e5 2. Nf3 Nc6 3. Bb5 Nf6 4. O-O Nxe4 5. d4 Nd6 6. Bxc6 dxc6 7. dxe5 Nf5 8.
Qxd8+ Kxd8 9. Nc3 Be6 10. h3 Kc8 11. g4 Ne7 12. Re1 Nd5 13. Nxd5 Bxd5 14. Ng5 h6
15. Ne4 h5 16. Bg5 hxg4 17. hxg4 Bb4 18. c3 Ba5 19. f3 Re8 20. Kg2 Rxe5 21. Nc5
Bxf3+ 22. Kxf3 Rxc5 23. Re8+ Kd7 24. Rxa8 Rxg5 25. Rxa7 f5 26. Kf4 Rxg4+ 27.
Kxf5 Bb6 28. Rd1+ Ke7 29. Rxb7 Rg2 30. Rb1 g6+ 31. Kf4 g5+ 32. Kf3 Rf2+ 33. Kg4
Kf6 34. Rb8 Rf4+ 35. Kg3 Bc5 36. Rd1 Bd6 37. Rxd6+ cxd6 38. Rf8+ Ke5 39. Rxf4
gxf4+ 40. Kf3 c5 41. a4 c4 42. a5 Kd5 43. Kxf4 Kc5 44. Ke4 1-0

[Event "4NCL 2011-12"]
[Site "Sunningdale ENG"]
[Date "2012.02.12"]
[Round "6.81"]
[White "Gretarsson, Hjorvar Steinn"]
[Black "Flear, Glenn C"]
[Result "1-0"]
[WhiteTitle "FM"]
[BlackTitle "GM"]
[WhiteElo "2452"]
[BlackElo "2472"]
[WhiteTeam "Jutes of Kent"]
[BlackTeam "Guildford"]
[WhiteFideId "2302241"]
[BlackFideId "400165"]
[EventDate "2011.11.12"]

1. c4 e6 2. Nc3 d5 3. d4 Nf6 4. cxd5 exd5 5. Bg5 Be7 6. Qc2 c6 7. e3 Nbd7 8. Bd3
Nh5 9. Bxe7 Qxe7 10. Nge2 Nb6 11. h3 g6 12. O-O-O Be6 13. Kb1 O-O-O 14. f3 Kb8
15. Rhe1 Rc8 16. e4 dxe4 17. fxe4 c5 18. d5 c4 19. dxe6 Qxe6 20. g4 cxd3 21.
Qxd3 Nf6 22. Nd4 Qe5 23. Nf3 Qe7 24. e5 Ne8 25. Nb5 Nc7 26. Qd6 Qe8 27. Nxc7
Rxc7 28. Rc1 Qe7 29. Qxc7+ Qxc7 30. Rxc7 Kxc7 31. Ng5 Nd7 32. Nxf7 Re8 33. Rc1+
Kb6 34. Nd6 Re6 35. Nc4+ Ka6 36. Rd1 Re7 37. Rd5 b5 38. Na3 Nxe5 39. Rd6+ Kb7
40. Nxb5 Nc4 41. Rd4 Re1+ 42. Kc2 Ne5 43. Nc3 Rh1 44. Rd5 Re1 45. b4 Re3 46.
Rb5+ Kc8 47. Rc5+ Kd8 48. Nb5 a6 49. Nd4 Kd7 50. Rd5+ Kc8 51. a4 Nd7 52. Rd6
Rxh3 53. Rxa6 Rg3 54. Rc6+ Kb8 55. a5 Rxg4 56. Rd6 Ne5 57. b5 Nc4 58. Rd8+ Ka7
59. Rd7+ Kb8 60. a6 Kc8 61. a7 Nb6 62. Rd6 Na8 63. Nc6 Kc7 64. Rd8 Nb6 65. a8=Q
Nxa8 66. Rxa8 h5 67. Kc3 h4 68. Nd4 h3 69. Rh8 Rg3+ 70. Kc4 Kb6 71. Rh6 Kb7 72.
Rh4 Kb6 73. Ne6 Rg1 74. Nd4 Rg3 75. Rh7 Re3 76. Rf7 Rg3 77. Rf6+ Kb7 78. Ne6
Rg4+ 79. Kc5 Rh4 80. Rf7+ Kc8 81. Kc6 Rh8 82. Rc7+ Kb8 83. Nc5 1-0

[Event "4NCL 2011-12"]
[Site "Sunningdale ENG"]
[Date "2012.02.12"]
[Round "6.82"]
[White "Cuenca Jimenez, Jose Fernando"]
[Black "Thorfinnsson, Bragi"]
[Result "1-0"]
[WhiteTitle "IM"]
[BlackTitle "IM"]
[WhiteElo "2474"]
[BlackElo "2421"]
[WhiteTeam "Guildford 1"]
[BlackTeam "Jutes of Kent"]
[WhiteFideId "2255570"]
[BlackFideId "2300958"]
[EventDate "2011.11.12"]

1. Nf3 c5 2. c4 Nc6 3. d4 cxd4 4. Nxd4 e6 5. a3 Nf6 6. Nc3 Qc7 7. Ndb5 Qb8 8.
Bg5 a6 9. Nd4 Be7 10. e3 O-O 11. Be2 Rd8 12. O-O Qa7 13. b4 d5 14. c5 e5 15.
Nxc6 bxc6 16. Na4 Ne4 17. Bxe7 Qxe7 18. Bd3 Nf6 19. Nb6 Ra7 20. Qc2 Bg4 21. f3
Bh5 22. e4 Bg6 23. exd5 Nxd5 24. Bxg6 hxg6 25. Rae1 Qg5 26. Nc4 Re7 27. Nd6 Nf4
28. g3 Nd5 29. Qd3 Nc7 30. Qe4 Nd5 31. Kh1 Qd2 32. Rd1 Qa2 33. Qd3 Nc7 34. Rfe1
Nb5 35. f4 e4 36. Rxe4 Rxe4 37. Qxe4 Nc3 38. Qe7 Rf8 39. Re1 Ra8 40. Qe5 Qxa3
41. Ne8 f6 42. Qe7 Rxe8 43. Qxe8+ Kh7 44. f5 1-0

[Event "4NCL 2011-12"]
[Site "Sunningdale ENG"]
[Date "2012.02.12"]
[Round "6.83"]
[White "Williams, Simon K"]
[Black "Wall, Gavin"]
[Result "1-0"]
[WhiteTitle "GM"]
[BlackTitle "IM"]
[WhiteElo "2513"]
[BlackElo "2330"]
[WhiteTeam "Jutes of Kent"]
[BlackTeam "Guildford 1"]
[WhiteFideId "404454"]
[BlackFideId "2501244"]
[EventDate "2011.11.12"]

1. d4 f5 2. c4 Nf6 3. Nc3 d6 4. Nf3 g6 5. Qc2 Bg7 6. Bg5 O-O 7. e3 Nc6 8. O-O-O
a6 9. c5 h6 10. Bxf6 Bxf6 11. h4 Bg7 12. a3 e6 13. d5 exd5 14. Nxd5 Be6 15. Nf4
Bf7 16. Bc4 Qf6 17. Rh3 Ne7 18. Bxf7+ Qxf7 19. Nd4 Bxd4 20. Rxd4 Rad8 21. cxd6
Rxd6 22. Rxd6 cxd6 23. Kb1 Rc8 24. Qd3 Qc4 25. Qxc4+ Rxc4 26. Rh1 Kf7 27. Rd1
Rc6 28. Ne2 Kf6 29. Nd4 Rc7 30. g3 Ke5 31. Ne2 d5 32. Nc3 Rc4 33. Kc2 b5 34. Kd3
b4 35. axb4 Rxb4 36. Ra1 Rxb2 37. Rxa6 Rxf2 38. Nb5 d4 39. exd4+ Kd5 40. Nc3# 1-0

[Event "4NCL 2011-12"]
[Site "Sunningdale ENG"]
[Date "2012.02.12"]
[Round "6.84"]
[White "Osborne, Marcus E"]
[Black "Galego, Luis"]
[Result "1/2-1/2"]
[BlackTitle "GM"]
[WhiteElo "2246"]
[BlackElo "2482"]
[WhiteTeam "Guildford 2"]
[BlackTeam "Jutes of Kent"]
[WhiteFideId "404608"]
[BlackFideId "1900072"]
[EventDate "2011.11.12"]

1. d4 Nf6 2. c4 d6 3. Nc3 Nbd7 4. Nf3 e5 5. Bg5 Be7 6. e3 O-O 7. Qc2 c6 8. Be2
exd4 9. Nxd4 d5 10. Nf5 dxc4 11. Bxc4 Bb4 12. O-O Qa5 13. Bd3 g6 14. a3 Bxc3 15.
Qxc3 Qxc3 16. Ne7+ Kg7 17. bxc3 Nc5 18. Nxc8 Raxc8 19. Rfd1 Rfe8 20. c4 Nfe4 21.
Bxe4 Rxe4 22. Rac1 Ree8 23. f3 f5 24. Rd6 Re6 25. Rcd1 Rxd6 26. Rxd6 Rc7 27.
Bf6+ Kf7 28. Bd4 Nd7 29. Bc3 Ke7 30. Rd4 Nf8 31. Kf2 c5 32. Rd5 Nd7 33. Ke2 Rc6
34. Kd3 Nb6 35. Re5+ Kf7 36. e4 Rd6+ 37. Ke2 Na4 38. Ba1 fxe4 39. Rxe4 Rb6 40.
Rf4+ Ke7 41. Re4+ Kf7 42. Rf4+ Kg8 43. Bf6 h6 44. Be5 h5 45. Rf6 Rxf6 46. Bxf6
Kf7 47. Ba1 Nb6 48. Kd3 a6 49. Ke4 Ke6 50. Kd3 Kf5 51. Bb2 Na4 52. Bc1 b5 53.
cxb5 axb5 54. g3 Ke5 55. g4 Nb6 56. f4+ Ke6 57. h3 Nd5 58. Ke4 Nf6+ 59. Kf3 Kd5
60. Bb2 Ne4 61. f5 hxg4+ 62. Kxg4 g5 63. f6 Ke6 64. f7 Kxf7 65. Kf5 Nf2 66. Kxg5
Nxh3+ 67. Kf5 Nf2 68. Ke5 Nd3+ 69. Kd5 Ke7 70. Kc6 b4 71. axb4 cxb4 72. Kb5 Kd6
73. Kc4 Nxb2+ 74. Kxb4 1/2-1/2

[Event "4NCL 2011-12"]
[Site "Sunningdale ENG"]
[Date "2012.02.12"]
[Round "6.85"]
[White "Stebbings, Anthony J"]
[Black "Sharpe, Ian W"]
[Result "1/2-1/2"]
[WhiteElo "2241"]
[BlackElo "2236"]
[WhiteTeam "Jutes of Kent"]
[BlackTeam "Guildford 2"]
[WhiteFideId "402427"]
[BlackFideId "411973"]
[EventDate "2011.11.12"]

1. e4 e6 2. d4 d5 3. Nd2 Nf6 4. e5 Nfd7 5. f4 c5 6. c3 cxd4 7. cxd4 Nc6 8. Ndf3
Nb6 9. Bd3 h5 10. Ne2 a5 11. O-O g6 12. a3 a4 13. g3 Bd7 14. Bd2 Nc4 15. Qc2 Ne7
16. Rf2 Rc8 17. Bc3 Nf5 18. b3 Nxa3 19. Qb2 Bb5 20. Bxf5 gxf5 21. bxa4 Bxe2 22.
Rxe2 Qc7 23. Bb4 Nc4 24. Qb3 Qb6 25. Rb1 Bxb4 26. Qxb4 Qxb4 27. Rxb4 Rc7 28. Kg2
Kd7 29. Kh3 Ke7 30. Kh4 Rg8 31. Re1 Rg4+ 32. Kh3 Rg8 33. Reb1 b6 34. Kh4 Rg4+
35. Kh3 Rg8 36. Kh4 Rg4+ 37. Kh3 Rg8 1/2-1/2

[Event "4NCL 2011-12"]
[Site "Sunningdale ENG"]
[Date "2012.02.12"]
[Round "6.87"]
[White "Rich, Mark C"]
[Black "Sarakauskiene, Zivile"]
[Result "1/2-1/2"]
[WhiteTitle "CM"]
[BlackTitle "WIM"]
[WhiteElo "2107"]
[BlackElo "2191"]
[WhiteTeam "Jutes of Kent"]
[BlackTeam "Guildford 2"]
[WhiteFideId "406724"]
[BlackFideId "12800864"]
[EventDate "2011.11.12"]

1. e4 c5 2. Nc3 e6 3. g3 Nc6 4. Bg2 g6 5. d3 Bg7 6. Be3 d6 7. f4 Nge7 8. Nf3 Nd4
9. Qd2 O-O 10. O-O Rb8 11. Qf2 Nec6 12. Nd1 b6 13. c3 1/2-1/2

[Event "4NCL 2011-12"]
[Site "Sunningdale ENG"]
[Date "2012.02.12"]
[Round "6.88"]
[White "Meyer, Gordon"]
[Black "Wilson, Alexandra"]
[Result "1/2-1/2"]
[BlackTitle "WFM"]
[WhiteElo "2155"]
[BlackElo "2040"]
[WhiteTeam "Guildford 2"]
[BlackTeam "Jutes of Kent"]
[WhiteFideId "14300303"]
[BlackFideId "411000"]
[EventDate "2011.11.12"]

1. e4 e6 2. d4 d5 3. Nd2 Nf6 4. e5 Nfd7 5. Bd3 c5 6. c3 Nc6 7. Ne2 Be7 8. O-O
cxd4 9. cxd4 b6 10. Nf3 Nb4 11. Bb1 Ba6 12. Re1 Rc8 13. a3 Nc6 14. b4 O-O 15.
Nf4 Re8 16. h4 Nf8 17. g3 f6 18. exf6 Bxf6 19. Bb2 Bc4 20. Nd3 a5 21. Nde5 axb4
22. axb4 Nxe5 23. Nxe5 Bxe5 24. Rxe5 Qf6 25. Ra3 Ng6 26. Rf3 Qe7 27. Bxg6 hxg6
28. Qc2 Rf8 29. Rfe3 Rf6 30. Ba3 Ra8 31. Qd1 Qf7 32. Qe1 b5 33. f4 Qa7 34. Bb2
Qa2 35. Qd2 Qa6 36. Ra3 Qb7 37. Ree3 Rxa3 38. Rxa3 Rf8 39. Qe1 Qb6 40. Qa1 Qd6
41. Ra6 Qe7 42. Bc3 Bd3 43. Qe1 Be4 44. Rb6 Ra8 45. Rc6 Ra2 46. Bd2 Qa7 47. Qe3
Rb2 48. Kf1 Qa2 49. Ke1 Rb3 50. Rc3 Qb1+ 51. Kf2 Rb2 52. Qe1 Qa2 53. Ke3 Rb1 54.
Qe2 Rg1 55. Be1 Qb1 56. Bf2 Rc1 57. Qd2 Rh1 58. Qe2 Qxb4 59. Be1 Qb1 60. Kd2
Qb2+ 61. Ke3 Qb1 62. Rc8+ Kh7 63. Kd2 Rh2 64. Bf2 b4 65. f5 exf5 66. Ke3 b3 67.
h5 gxh5 68. Qb5 Qd3+ 69. Qxd3 Bxd3 70. Kxd3 Rxf2 71. Ke3 b2 72. Rb8 Rg2 73. Kf4
Rf2+ 74. Ke5 Kg6 75. Rb7 Re2+ 76. Kxd5 Kf6 77. Rb6+ Kg5 78. Rb7 g6 79. Rb6 1/2-1/2

[Event "4NCL 2011-12"]
[Site "Hinkley ENG"]
[Date "2012.03.31"]
[Round "7.12"]
[White "Pert, Nicholas"]
[Black "Beaumont, Chris R"]
[Result "1-0"]
[WhiteTitle "GM"]
[BlackTitle "IM"]
[WhiteElo "2563"]
[BlackElo "2279"]
[WhiteTeam "Wood Green Hilsmark 2"]
[BlackTeam "Bristol"]
[WhiteFideId "403989"]
[BlackFideId "400424"]
[EventDate "2011.11.12"]

1. d4 Nf6 2. Nf3 g6 3. c4 Bg7 4. g3 d5 5. cxd5 Nxd5 6. Bg2 Nb6 7. Nc3 Nc6 8. e3
O-O 9. O-O Re8 10. d5 Na5 11. Nd4 Bd7 12. Rb1 Rc8 13. b4 c5 14. Ne6 fxe6 15.
bxa5 Bxc3 16. axb6 axb6 17. Qc2 Bf6 18. dxe6 Bc6 19. Rd1 Qc7 20. e4 Ra8 21. Qe2
Red8 22. Bf4 Be5 23. Bh6 Rxd1+ 24. Rxd1 Rd8 25. h4 Ba4 26. Rd5 Bc6 27. h5 Bxd5
28. exd5 c4 29. hxg6 c3 30. Be4 Rc8 31. Qh5 c2 32. Kg2 1-0

[Event "4NCL 2011-12"]
[Site "Hinkley ENG"]
[Date "2012.03.31"]
[Round "7.13"]
[White "Salov, Sergej"]
[Black "Gordon, Stephen J"]
[Result "0-1"]
[WhiteTitle "IM"]
[BlackTitle "GM"]
[WhiteElo "2267"]
[BlackElo "2535"]
[WhiteTeam "Bristol"]
[BlackTeam "Wood Green Hilsmark 1"]
[WhiteFideId "4107926"]
[BlackFideId "411477"]
[EventDate "2011.11.12"]

1. e4 c5 2. Nf3 d6 3. d4 cxd4 4. Nxd4 Nf6 5. Nc3 a6 6. Bg5 Nbd7 7. Bc4 Qb6 8.
Bb3 e6 9. O-O Be7 10. Be3 Nc5 11. f4 O-O 12. Kh1 Ncxe4 13. Nxe4 Nxe4 14. Qf3 d5
15. c4 Bc5 16. Rad1 Nf6 17. cxd5 exd5 18. h3 Bd7 19. Nc2 Rfe8 20. Bd4 Bxd4 21.
Nxd4 Re4 22. Qf2 Bb5 23. Rfe1 Rae8 24. Rxe4 Rxe4 25. Qd2 Bd7 26. Nf3 Bc6 27. Ne5
Rb4 28. Nd3 Re4 29. Ne5 Qb5 30. Re1 a5 31. Rxe4 Nxe4 32. Qe3 Qc5 33. Qxc5 Nxc5
34. Nf3 0-1

[Event "4NCL 2011-12"]
[Site "Hinkley ENG"]
[Date "2012.03.31"]
[Round "7.15"]
[White "Buckley, David E"]
[Black "Emms, John M"]
[Result "0-1"]
[BlackTitle "GM"]
[WhiteElo "2245"]
[BlackElo "2484"]
[WhiteTeam "Bristol"]
[BlackTeam "Wood Green Hilsmark 1"]
[WhiteFideId "407437"]
[BlackFideId "400254"]
[EventDate "2011.11.12"]

1. d4 Nf6 2. c4 e6 3. Nc3 Bb4 4. Qc2 O-O 5. e4 d5 6. e5 Ne4 7. a3 Bxc3+ 8. bxc3
c5 9. Bb2 cxd4 10. cxd4 Bd7 11. Bd3 Qa5+ 12. Ke2 Rc8 13. Nf3 Bb5 14. Bxe4 Rxc4
15. Bxh7+ Kh8 16. Ke3 Rxc2 17. Bxc2 Nd7 18. a4 Ba6 19. Ng5 Nb6 20. Nxf7+ Kg8 21.
Nd6 Qb4 0-1

[Event "4NCL 2011-12"]
[Site "Hinkley ENG"]
[Date "2012.03.31"]
[Round "7.16"]
[White "Lalic, Bogdan"]
[Black "Stewart, Joseph J"]
[Result "1-0"]
[WhiteTitle "GM"]
[WhiteElo "2454"]
[BlackElo "2101"]
[WhiteTeam "Wood Green Hilsmark"]
[BlackTeam "Bristol"]
[WhiteFideId "409081"]
[BlackFideId "412333"]
[EventDate "2011.11.12"]

1. d4 g6 2. c4 Bg7 3. Nc3 d6 4. e4 Nc6 5. Be3 e5 6. Nge2 f5 7. exf5 Bxf5 8. d5
Nce7 9. h3 Nf6 10. g4 Bd7 11. Ng3 h5 12. gxh5 Nxh5 13. Bg5 Nf4 14. h4 Bh6 15.
Bf6 Rf8 16. Nce4 Qc8 17. Bg5 Bg7 18. Qb3 Bg4 19. f3 Bd7 20. O-O-O Nf5 21. Kb1
Nxg3 22. Nxg3 Bf5+ 23. Ka1 Nh5 24. Nxh5 gxh5 25. Rg1 Kf7 26. Be2 Rh8 27. c5 Bf8
28. Rg3 b6 29. cxb6 axb6 30. Rc1 Bg7 31. Bd3 Ra7 32. Be4 Qd7 33. Qd3 Bxe4 34.
fxe4 Ke8 35. a3 Rf8 36. Qe2 Qf7 37. Rgg1 Kd7 38. Rcf1 Qe8 39. Rxf8 Qxf8 40. Rf1
Qh8 41. Qb5+ Kc8 42. Rf7 Bh6 43. Qd7+ Kb8 44. Bd8 Rb7 45. Bxc7+ Ka8 46. Qa4+ Ra7
47. Qc6+ Rb7 1-0

[Event "4NCL 2011-12"]
[Site "Hinkley ENG"]
[Date "2012.03.31"]
[Round "7.18"]
[White "Ward, Chris G"]
[Black "Roberts, Lynda"]
[Result "1-0"]
[WhiteTitle "GM"]
[WhiteElo "2448"]
[BlackElo "1960"]
[WhiteTeam "Wood Green Hilsmark 1"]
[BlackTeam "Bristol"]
[WhiteFideId "400203"]
[BlackFideId "1800191"]
[EventDate "2011.11.12"]

1. d4 f5 2. Bg5 g6 3. Nc3 Bg7 4. Qd2 Nc6 5. Nf3 d5 6. h4 Nf6 7. Bh6 O-O 8. Bxg7
Kxg7 9. O-O-O Nh5 10. e3 e6 11. Ne2 Nf6 12. Nf4 Ne4 13. Qe1 h6 14. Bb5 Ne7 15.
Ne5 c6 16. Bd3 Nf6 17. f3 Qe8 18. g4 g5 19. hxg5 hxg5 20. Nh5+ Nxh5 21. Rxh5 Kf6
22. Qh1 Rg8 23. Rh6+ Ng6 24. Qh5 b5 25. Rg1 1-0